| 000 | 00452nam a2200157Ia 4500 | ||
|---|---|---|---|
| 005 | 20230826083616.0 | ||
| 008 | 230703s9999 xx 000 0 und d | ||
| 041 | _aeng | ||
| 082 |
_a658.4012 _bPEA |
||
| 100 |
_aPearce J A , Robinson R B & Mital A _9185075 |
||
| 245 | _aStrategic Management : Formulation ,Implementation and Control , 10th Ed. | ||
| 260 |
_bTata McGraw-Hill _aNew Delhi |
||
| 300 | _a788 | ||
| 500 | _aLeadership | ||
| 942 | _cDB | ||
| 999 |
_c166951 _d166951 |
||